Stolice według pierwszej i ostatniej litery - Statystyki

Ogólne statystyki
  • Ten quiz został rozwiązany 2 995 razy
    2 928 od ostatniego zresetowania
  • Średni wynik to 7 z 22
Statystyki odpowiedzi
Pierwsza litera Stolica Ostatnia litera % Poprawnych
A Amsterdam M
81%
B Bagdad | Belgrad D
69%
O Oslo O
48%
W Wiedeń Ń
47%
M Maskat | Madryt T
42%
D Dakar R
38%
K Kiszyniów | Kijów W
37%
D Dublin N
33%
R Rzym M
31%
I Islamabad D
28%
M Mińsk | Meksyk K
28%
K Kair R
27%
T Tokio O
26%
C Canberra A
25%
D Damaszek K
22%
K Kabul L
22%
K Katmandu U
21%
M Mogadiszu | Maseru U
17%
T Tunis | Trypolis S
17%
C Chartum M
13%
P Pjongjang G
11%
W Windhuk K
8%
Nie znaleziono quizów pasujących do podanych kryteriów
Rozkład punktacji
Procent ludzi z każdym wynikiem
Percentyl według liczby udzielonych odpowiedzi
Twoja historia wyników
Nie rozwiązałeś tego quizu od ostatniego zresetowania